Neplatné skončenie pracovného pomeru

Gespeichert in:
Bibliographische Detailangaben
1. Verfasser: Dušeková Schuszteková, Simona
Format: Buch
Sprache:Slowakisch
Veröffentlicht: Bratislava Wolters Kluwer SR 2024
Ausgabe:2. doplnené a prepracované vydanie
Schlagworte:
Tags: Tag hinzufügen
Keine Tags, Fügen Sie das erste Tag hinzu!

MARC

LEADER 00000nam a2200000 4500
001 0307232
005 20250310092538.9
020 |a 978-80-571-0727-9 
041 0 |a slo 
044 |a SK 
245 1 0 |a Neplatné skončenie pracovného pomeru  |c Simona Dušeková Schuszteková 
250 |a 2. doplnené a prepracované vydanie 
264 1 |a Bratislava  |b Wolters Kluwer SR  |c 2024 
300 |a 108 s. 
610 2 0 |a právo pracovné 
610 2 0 |a pomer pracovný 
610 2 0 |a skončenie pomeru pracovného 
610 2 0 |a náhrada mzdy 
610 2 0 |a odstupné 
610 2 0 |a stravné 
610 2 0 |a poistenie zdravotné 
610 2 0 |a poistenie sociálne 
610 2 0 |a dane z príjmov 
100 1 |a Dušeková Schuszteková, Simona